000 01678nam a2200337 c 4500
001 59548
003 CO-BoRNBP
005 20251022165717.0
007 ta
008 250129s2024 ck ad||gr ||| 00| 0 spa d
020 _a9789585084032
040 _aCO-BoRNBP
_bspa
_erda
_cCO-BoRNBP
041 0 _aspa
082 0 4 _a658.11
_bS13e
_223
100 _aSchnarch Kirberg, Alejandro
_eaut
_965917
245 1 0 _aEmprendimiento exitoso :
_bcómo mejorar su proceso y gestión /
_cAlejandro Schnarch Kirberg.
250 _aEdición especial
264 1 _aBogotá, Colombia :
_bEcoe Ediciones,
_c2024
300 _axiv, 258 páginas :
_bilustraciones, diagramas en blanco y negro
336 _atexto
_btxt
_2rdacontent
337 _asin mediación
_bn
_2rdamedia
338 _avolumen
_bnc
_2rdacarrier
520 _aDurante siglos predominó la idea de que la creatividad es un don poderoso otorgado a personas excepcionales. Hoy, la creatividad ya no es una virtud de unos pocos, se ha transformado en una alternativa innovadora para afrontar la realidad dinámica del mundo actual. Esta se ha articulado con el emprendimiento en la planificación y puesta en marcha de empresas. El libro es una guía para convertirse en un buen emprendedor en un mundo globalizado, dónde hacer empresa es cuestión de actitud positiva, pensamiento creativo y valor para asumir riesgos
521 _aRecomendado para un público adulto
650 0 7 _aAptitud creadora en los negocios
_2LEMB
_922680
650 0 7 _aEmperadores
_2LEMB
_932127
650 0 7 _aEmprendimiento
_2LEMB
_963152
650 0 7 _aEspionaje en los negocios
_2lemb
_965918
650 0 7 _aNuevas empresas
_2lemb
_965919
942 _2ddc
_cBK
999 _c59548
_d59548